000 00435nam a2200181Ia 4500
001 3667
005 20260306145700.0
008 260306t1981||||xx |||||||||||||| ||spa||
041 _aESP
082 _a301.09
_bA76 T. 1
100 _aAron, Raymond
_eAUT
245 0 _aLas etapas del pensamiento sociológico
260 _c1981
300 _aT-1, 346 páginas :
_ccm.
650 _aGEN
654 _aCHU
942 _cLIB
_dJUS
_fJUS
_2ddc
_n
999 _c3667
_d3667